| 000 | 00317 a2200109 4500 | ||
|---|---|---|---|
| 020 | _a1405134461 | ||
| 082 | _a690.22 HOL | ||
| 100 | _aHolt, Allan St John | ||
| 245 |
_aPrinciples of Construction Safety / _cAllan St John Holtz |
||
| 260 |
_aUK : _bBlackwell Publishing, _c2005 |
||
| 300 |
_av, 278p. : _bill. ; _c30 cm |
||
| 650 | _aConstruction Safety | ||
| 999 |
_c2288 _d2288 |
||